=LDR 00000nam 2200000 4500 =001 INLIS000000000048163 =005 20160729170427.0 =006 =007 =008 =020 ##$$a 979-497-465-x =035 ##$$0010-071600000000004 =082 ##$$a 634.421 =090 ##$$a 634.421 Ruk j =100 ##$$a Rakhmat Rukmana =245 ##$$a Jambu Biji =260 ##$$a Yogyakarta $b Kanisius $c 1996 =300 ##$$a 60 hlm $b ilus $c 20 cm =850 ##$$a NBPNMAT =990 ##$$a 0001/BPAP-NTB/2016